000 00550nam a2200181Ia 4500
008 151018s9999 xx 000 0 und d
082 _bRBASDV17751
_a891.463
100 _aपांडुरंग कुंभार
245 _aगावकूस
250 _b1
260 _bअजब प्रकाशन
_c1983
300 _a149
600 _aपांडुरंग कुंभार
630 _aगावकूस
700 _aपांडुरंग कुंभार
730 _aगावकूस
942 _cBOOK
999 _c1018429
_d1018426